=LDR 00000nam 2200000 4500 =001 INLIS000000000029396 =005 20130612131631 =008 ***********************************Ind** =035 ##$$0010-061300000029396 =041 ##$$a Ind =082 ##$$a 371.3 =090 ##$$a 371.3, Ari a =100 ##$$a Arif, Zainuddin =245 ##$$a Andragogi, Zainuddin Arif =260 ##$$a 1991 $b Bandung =300 ##$$a vii, 106 hlm, 22 cm =650 ##$$a Andragogi =850 ##$$a NBPNMAT